书目信息 |
| 题名: |
汽车驾驶技术
|
|
| 作者: | 宋年秀 主编 | |
| 分册: | ||
| 出版信息: | 北京 机械工业出版社 2021.3 |
|
| 页数: | 213页 | |
| 开本: | 26cm | |
| 丛书名: | ||
| 单 册: | ||
| 中图分类: | U471.1 | |
| 科图分类: | ||
| 主题词: | 汽车驾驶--高等学校--教材 | |
| 电子资源: | ||
| ISBN: | 978-7-111-63448-5 | |
| 000 | 01081nam0 2200289 45 | |
| 001 | 012001002364 | |
| 005 | 20211013162627.80 | |
| 010 | @a978-7-111-63448-5@dCNY38.00 | |
| 100 | @a20191122d2019 em y0chiy50 ea | |
| 101 | 0 | @achi |
| 102 | @aCN@b110000 | |
| 105 | @aa z 000yy | |
| 106 | @ar | |
| 200 | 1 | @a汽车驾驶技术@Aqi che jia shi ji shu@b专著@f宋年秀主编 |
| 205 | @a3版 | |
| 210 | @a北京@c机械工业出版社@d2021.3 | |
| 215 | @a213页@c图@d26cm | |
| 300 | @a普通高等教育“十三五”汽车类规划教材 | |
| 300 | @a并列题名:Automobile driving technology | |
| 312 | @a封面英文题名:Automobile driving technology | |
| 330 | @a本书共七章,第一章介绍汽车文化基础,第二章介绍汽车构造基础知识,第三章介绍汽车驾驶基本操作和式样训练,第四章介绍汽车道路驾驶技术,第五章介绍道路交通法规,第六章介绍交通安全基础,第七章介绍汽车维护与行驶应急处理。 | |
| 510 | 1 | @aAutomobile driving technology@zeng |
| 606 | 0 | @a汽车驾驶@x高等学校@j教材 |
| 690 | @aU471.1@v5 | |
| 701 | 0 | @a宋年秀@Asong nian xiu@4主编 |
| 801 | 0 | @aCN@bBJSDL@c20211011 |
| 905 | @b1339442-5@dU471.1@e1085=3@f4 | |
| 汽车驾驶技术/宋年秀主编.-3版.-北京:机械工业出版社,2021.3 |
| 213页:图;26cm |
| 普通高等教育“十三五”汽车类规划教材.-并列题名:Automobile driving technology |
| ISBN 978-7-111-63448-5:CNY38.00 |
| 本书共七章,第一章介绍汽车文化基础,第二章介绍汽车构造基础知识,第三章介绍汽车驾驶基本操作和式样训练,第四章介绍汽车道路驾驶技术,第五章介绍道路交通法规,第六章介绍交通安全基础,第七章介绍汽车维护与行驶应急处理。 |
| ● |
| 相关链接 |
|
|
|
|
正题名:汽车驾驶技术
索取号:U471.1/1085=3
 
预约/预借
| 序号 | 登录号 | 条形码 | 馆藏地/架位号 | 状态 | 备注 |
| 1 | 1339442 | 213394423 | 第二样本阅览室/ [索取号:U471.1/1085=3] | 在馆 | |
| 2 | 1339443 | 213394432 | 第三借阅区/ [索取号:U471.1/1085=3] | 在馆 | |
| 3 | 1339444 | 213394441 | 第三借阅区/ [索取号:U471.1/1085=3] | 在馆 | |
| 4 | 1339445 | 213394450 | 第三借阅区/ [索取号:U471.1/1085=3] | 在馆 |